[Event "Jogatina"]
[Site "http://www.queenalice.com/game.php?id=653858"]
[Date "2009.9.17"]
[Round "-"]
[White "MMANZAN"]
[Black "Antonio_silipi"]
[Result "1-0"]
[WhiteElo "1240"]
[BlackElo "1100"]

1. c4 Nc6 2. Nc3 e5 3. g3 d6 4. Bg2 a5 5. d3 Bf5 6. Bxc6+ Ke7 7. Bxb7 Rb8 8. Bc6
h5 9. Nd5+ Ke6 10. Nf3 Qc8 11. Ng5# 1-0

[Event "Challenge"]
[Site "http://www.queenalice.com/game.php?id=654681"]
[Date "2009.9.19"]
[Round "-"]
[White "ananda"]
[Black "Antonio_silipi"]
[Result "1-0"]
[WhiteElo "1100"]
[BlackElo "963"]

1. c4 a5 2. d4 Ra6 3. Nf3 a4 4. e3 b6 5. Nc3 c5 6. Ne5 d6 7. Nf3 Nf6 8. Nxa4
cxd4 9. Nxd4 e5 10. Nf3 Be7 11. Nc3 e4 12. Nd4 Qd7 13. g3 d5 14. cxd5 Nxd5 15.
Bb5 Nc6 16. Bxc6 O-O 17. Bxd7 Bxd7 18. Nxd5 Ba4 19. Nxe7+ Kh8 20. Qg4 Ra7 21.
Ndf5 g6 22. Qh4 gxf5 23. Qf6# 1-0

[Event "Challenge"]
[Site "http://www.queenalice.com/game.php?id=654682"]
[Date "2009.9.19"]
[Round "-"]
[White "Antonio_silipi"]
[Black "ananda"]
[Result "0-1"]
[WhiteElo "965"]
[BlackElo "1188"]

1. e4 e5 2. Bc4 Bc5 3. Qh5 Qf6 4. Nf3 Nc6 5. O-O h6 6. a4 a5 7. d3 Nge7 8. Ng5
O-O 9. Nc3 d6 10. Bxf7+ Rxf7 11. Nxf7 Qxf7 12. Qxf7+ Kxf7 13. Nb5 Bb6 14. c4 Nb4
15. Ra3 Nec6 16. Rb3 Nc2 17. Rc3 N6d4 18. Na3 Ne2+ 19. Kh1 Nxc3 20. Nxc2 Nxa4
21. Ne3 Be6 22. b3 Nc5 23. f4 Ke7 24. f5 Nxd3 25. Bd2 Rf8 26. Ng4 h5 27. Bg5+
Ke8 28. Rf3 hxg4 29. Rxd3 Bxf5 30. exf5 Rxf5 31. h4 Rf1+ 32. Kh2 Bg1+ 33. Kg3 e4
34. Re3 Bxe3 35. Bxe3 Ke7 36. Kxg4 Rb1 37. Kf4 Rxb3 38. Kxe4 a4 39. Bc1 Rc3 40.
Bb2 Rxc4+ 41. Kd3 Rxh4 42. Kc2 Rg4 43. Kb1 Rxg2 44. Bc1 Rg1 45. Kb2 Rxc1 46.
Kxc1 g5 47. Kb2 g4 48. Ka3 g3 49. Kxa4 g2 50. Kb4 g1=Q 51. Kc4 Qd1 52. Kb5 Qc1
53. Ka5 Qb2 54. Ka4 c5 55. Ka5 Qb4# 0-1

[Event "CALIFORNIA"]
[Site "http://www.queenalice.com/game.php?id=654761"]
[Date "2009.9.19"]
[Round "-"]
[White "perucona"]
[Black "Antonio_silipi"]
[Result "0-1"]
[WhiteElo "1581"]
[BlackElo "980"]

1. e4 Nf6 2. e5 Ne4 3. d3 Nc5 4. d4 Nca6 5. Bd2 c5 6. d5 e6 7. dxe6 dxe6 8. Bb5+
Nc6 9. Bxa6 bxa6 10. Nf3 a5 11. O-O Ba6 12. Re1 c4 13. Nc3 Bc5 14. Be3 Bxe3 15.
Rxe3 O-O 16. Qxd8 Nxd8 17. Rae1 Nc6 18. b3 Nb4 19. Rc1 cxb3 20. axb3 Bb7 21. Nb5
a6 22. Nc7 Rac8 23. Nxa6 Bxa6 24. c3 Nc6 25. Nd4 Nxd4 26. cxd4 Rxc1+ 27. Re1
Rxe1# 0-1

[Event "CALIFORNIA IV"]
[Site "http://www.queenalice.com/game.php?id=654764"]
[Date "2009.9.19"]
[Round "-"]
[White "perucona"]
[Black "Antonio_silipi"]
[Result "0-1"]
[WhiteElo "1563"]
[BlackElo "1003"]

1. e4 Nf6 2. e5 Nd5 3. c4 Nb6 4. c5 Nd5 5. Qb3 e6 6. Nc3 Nxc3 7. Qxc3 Na6 8.
Bxa6 bxa6 9. Nf3 Be7 10. O-O O-O 11. Re1 Bb7 12. d4 Bd5 13. Bf4 d6 14. cxd6 cxd6
15. exd6 Bxd6 16. Bxd6 Qxd6 17. Nd2 Rac8 18. Qh3 Rc2 19. Nf3 Rxb2 20. Ng5 Qf4
21. Qg3 Qxd4 22. Rf1 Bxa2 23. Qh3 h6 24. Nf3 Qc3 25. Rae1 Rfb8 26. Rd1 Rb1 27.
Nd2 Qc2 28. Nf3 Rxd1 29. Ne1 Rbb1 30. Qf3 Rxe1 31. g3 Bd5 32. Qf4 Rxf1# 0-1

[Event "Challenge"]
[Site "http://www.queenalice.com/game.php?id=657120"]
[Date "2009.9.24"]
[Round "-"]
[White "glaulinda"]
[Black "Antonio_silipi"]
[Result "0-1"]
[WhiteElo "977"]
[BlackElo "980"]

1. e4 c5 2. Qh5 b6 3. Qxf7+ Kxf7 4. Bc4+ e6 5. h4 Be7 6. Rh3 Bb7 7. b3 Bxe4 8.
Bb2 d5 9. Bb5 a6 10. Bc6 Nxc6 11. Nc3 Bxc2 12. Rf3+ Bf6 13. Ba3 Qb8 14. Rc1 Qe5+
15. Kf1 Nd4 16. g4 Ke8 17. Nh3 Qh2 18. Ng5 Qh1# 0-1

[Event "Challenge"]
[Site "http://www.queenalice.com/game.php?id=657125"]
[Date "2009.9.24"]
[Round "-"]
[White "TRPnt"]
[Black "Antonio_silipi"]
[Result "1-0"]
[WhiteElo "2005"]
[BlackElo "980"]

1. e4 c5 2. Nf3 b6 3. d4 e6 4. d5 Nf6 5. dxe6 dxe6 6. Qxd8+ Kxd8 7. Nc3 Nc6 8.
Bg5 Be7 9. Bb5 Nb4 10. O-O-O+ Nd7 11. a3 a6 12. Bxd7 Bxd7 13. axb4 cxb4 14. Na4
b5 15. Nc5 Ra7 16. Be3 Ke8 17. Nxe6 Bxe6 18. Bxa7 Ba2 19. b3 Bf6 20. Rd6 Bc3 21.
Rhd1 Bf6 22. Rc6 h5 23. Rc8+ Ke7 24. Bc5+ Ke6 25. Rxh8 Be5 26. Re8+ Kf6 27. Nxe5
Bxb3 28. Be7+ Kxe5 29. Bg5+ Be6 30. f3 f6 31. Rd5# 1-0

[Event "Challenge"]
[Site "http://www.queenalice.com/game.php?id=657127"]
[Date "2009.9.24"]
[Round "-"]
[White "changsta"]
[Black "Antonio_silipi"]
[Result "1-0"]
[WhiteElo "1775"]
[BlackElo "988"]

1. e4 c5 2. Nf3 Nf6 3. e5 Nh5 4. d4 cxd4 5. Nxd4 Nc6 6. Nxc6 bxc6 7. Qxh5 e6 8.
Nc3 d6 9. exd6 Bxd6 10. Bd3 Bb4 11. Qg4 Bf8 12. Be3 e5 13. Qa4 Bb7 14. Bxa7 Rxa7
15. Qxa7 Bc8 16. O-O-O Bd6 17. Bc4 Rf8 18. Rhe1 Rg8 19. Qxf7# 1-0

[Event "Challenge"]
[Site "http://www.queenalice.com/game.php?id=657612"]
[Date "2009.9.24"]
[Round "-"]
[White "The_white_wolf"]
[Black "Antonio_silipi"]
[Result "1-0"]
[WhiteElo "1854"]
[BlackElo "925"]

1. d4 d5 2. e3 c6 3. Nh3 h5 4. Be2 Qa5+ 5. Bd2 Qc7 6. Bxh5 g6 7. Bg4 f5 8. Be2
Nf6 9. f3 a5 10. Nc3 e6 11. f4 b5 12. Ng5 Rh6 13. Bf3 b4 14. Na4 Ba6 15. Nc5
Bxc5 16. Nxe6 Qe7 17. Nxc5 Nfd7 18. Nxa6 Nxa6 19. g3 c5 20. dxc5 Qxc5 21. h4 Nc7
22. c3 Ne6 23. Qa4 bxc3 24. bxc3 Rb8 25. Rc1 Ke7 26. O-O Nf6 27. c4 Ra8 28. cxd5
Nxd5 29. Rxc5 Nb6 30. Qc6 Rb8 31. Re5 Rd8 32. Qxe6+ Kf8 33. Qe7+ Kg8 34. Qxd8+
Kf7 35. Qe8+ Kg7 36. Re7+ Kf6 37. Qf7# 1-0

[Event "Challenge"]
[Site "http://www.queenalice.com/game.php?id=657951"]
[Date "2009.9.25"]
[Round "-"]
[White "tiro"]
[Black "Antonio_silipi"]
[Result "0-1"]
[WhiteElo "944"]
[BlackElo "952"]

1. c4 e5 2. e3 h5 3. g3 h4 4. g4 d6 5. Nf3 g5 6. d4 exd4 7. exd4 Bxg4 8. Nbd2
Rh6 9. Rg1 Qd7 10. Ne4 Re6 11. Be2 Rxe4 12. Bxg5 Bxf3 13. Qd3 Rxe2+ 14. Kd1 Qc6
15. Qh7 Rxf2+ 16. Ke1 Rxh2 17. Bf6 Nxf6 18. Qh8 Qxc4 19. Qxf6 Qe2# 0-1

[Event "Challenge"]
[Site "http://www.queenalice.com/game.php?id=657953"]
[Date "2009.9.25"]
[Round "-"]
[White "The_Clown"]
[Black "Antonio_silipi"]
[Result "1-0"]
[WhiteElo "1321"]
[BlackElo "988"]

1. e4 e5 2. Nf3 d6 3. Bc4 Be6 4. b3 c6 5. O-O Nf6 6. Re1 d5 7. Bd3 Bc5 8. Nc3 a5
9. Na4 b6 10. Nxc5 bxc5 11. c4 dxe4 12. Bxe4 Nxe4 13. Rxe4 f6 14. d3 f5 15. Rxe5
Qf6 16. Qe1 Ke7 17. Bb2 h6 18. Rxe6+ Qxe6 19. Ne5 Kd8 20. Rd1 Re8 21. d4 Kc8 22.
d5 Qd6 23. dxc6 Rxe5 24. Bxe5 Qxc6 25. Rd6 Qe8 26. Rd5 Qf7 27. Rxc5+ Kb7 28.
Rb5+ Kc8 29. Qe3 Qd7 30. Qc5+ Nc6 31. g3 g5 32. Rb6 Kd8 33. Rxc6 Rc8 34. Qf8+
Qe8 35. Rd6+ Kc7 36. Re6+ Kb7 37. Rxe8 Rxe8 38. Qxe8 f4 39. Qb8+ Kc6 40. Qc7#
1-0

[Event "Challenge"]
[Site "http://www.queenalice.com/game.php?id=659856"]
[Date "2009.9.29"]
[Round "-"]
[White "Sangue_Russo"]
[Black "Antonio_silipi"]
[Result "1-0"]
[WhiteElo "2075"]
[BlackElo "970"]

1. e4 e5 2. Nf3 f6 3. Nxe5 fxe5 4. Qh5+ g6 5. Qxe5+ Qe7 6. Qxh8 Qg7 7. Qxg7 Bxg7
8. c3 d6 9. d4 Bf6 10. Bc4 Ne7 11. O-O Bd7 12. Bf4 Kd8 13. e5 dxe5 14. dxe5 Bxe5
15. Bxe5 Nf5 16. Nd2 Be8 17. Rad1 Kc8 18. Ne4 Nc6 19. Be6+ Kb8 20. Bxf5 gxf5 21.
Nf6 Bf7 22. Nxh7 b6 23. Rd7 Nxe5 24. Rd8+ Kb7 25. Rxa8 Kxa8 26. Nf6 Bxa2 27. Re1
Nd3 28. Re7 Kb7 29. Nd5 Bxd5 30. Rd7 Be4 31. f3 Nc5 32. fxe4 Nxd7 33. exf5 b5
34. h4 Kb6 35. h5 b4 36. cxb4 Kb5 37. h6 Nf6 38. g4 Nh7 39. f6 Nxf6 40. g5 Ng8
41. h7 Ne7 42. h8=Q Kxb4 43. Qf8 c5 44. Qxe7 a5 45. g6 a4 46. g7 Kb3 47. Qxc5
Kxb2 48. Qb4+ Kc2 49. g8=R Kc1 50. Rg2 a3 51. Qxa3+ Kd1 52. Qa2 Ke1 53. Qe2# 1-0

[Event "Challenge"]
[Site "http://www.queenalice.com/game.php?id=659857"]
[Date "2009.9.29"]
[Round "-"]
[White "kiko_rs"]
[Black "Antonio_silipi"]
[Result "0-1"]
[WhiteElo "1631"]
[BlackElo "1003"]

1. d4 g6 2. e4 h5 3. Nf3 f5 4. e5 e6 5. c4 d5 6. cxd5 Qxd5 7. a3 h4 8. Nc3 Qd7
9. Bb5 c6 10. Bc4 h3 11. g3 b5 12. Bb3 Qd8 13. Bg5 Qb6 14. Nh4 Rh5 15. Qd2 b4
16. Na4 Qb5 17. axb4 Bxb4 18. Nc3 Bxc3 19. Qxc3 Rxg5 20. Qd2 Rg4 21. f3 Rxh4 22.
gxh4 Qxb3 23. O-O a6 24. Ra3 Qb6 25. f4 a5 26. Rc1 Bd7 27. Rb1 c5 28. dxc5 Qxc5+
29. Kf1 Nh6 30. Rc1 Qe7 31. Qd3 Qb4 32. Qxh3 Qxf4+ 33. Kg1 Qxc1+ 34. Kg2 Bc6+
35. Kg3 Qxb2 36. Kf4 Qc1+ 0-1

[Event "Challenge"]
[Site "http://www.queenalice.com/game.php?id=660861"]
[Date "2009.9.30"]
[Round "-"]
[White "LEPARY"]
[Black "Antonio_silipi"]
[Result "1-0"]
[WhiteElo "1588"]
[BlackElo "925"]

1. e4 e5 2. Nf3 Nc6 3. c3 Nf6 4. Bd3 Bc5 5. b4 Bd6 6. Qe2 O-O 7. a4 a5 8. b5 Na7
9. Na3 c6 10. bxc6 bxc6 11. Nc4 Qe7 12. Nxa5 c5 13. Nc4 Bc7 14. Ba3 Ng4 15. h3
Nh6 16. Qe3 d6 17. g4 Kh8 18. g5 Ng8 19. h4 Be6 20. Ke2 d5 21. Bxc5 Qe8 22. Bxf8
Qxf8 23. exd5 Bxd5 24. Ncxe5 Nc8 25. Be4 Nge7 26. c4 Bxe4 27. Qxe4 Nd6 28. Qg4
Bb6 29. Rhb1 Qb8 30. a5 Nec8 31. axb6 Nxb6 32. c5 Ra7 33. cxb6 Rb7 34. Qf4 Rxb6
35. Rxb6 Qxb6 36. Ra8+ Ne8 37. Rxe8# 1-0

[Event "Challenge"]
[Site "http://www.queenalice.com/game.php?id=673473"]
[Date "2009.10.27"]
[Round "-"]
[White "pac212"]
[Black "Antonio_silipi"]
[Result "1-0"]
[WhiteElo "1663"]
[BlackElo "988"]

1. e4 e5 2. Bc4 Bc5 3. d3 Qe7 4. Be3 Bd6 5. Qg4 Nf6 6. Qxg7 Qf8 7. Qxf6 Rg8 8.
Bg5 Be7 9. Qxe5 f6 10. Qxc7 Bd8 11. Qxc8 Rxg5 12. Qxb7 Rxg2 13. Qxa8 Qg7 14. Nf3
Ba5+ 15. c3 Qg4 16. Nbd2 Bb6 17. O-O-O Rxf2 18. Qxb8+ Ke7 19. e5 Rxf3 20. Qd6+
Ke8 21. exf6 Rxf6 22. Rde1+ Re6 23. Bxe6 dxe6 24. Rxe6+ Qxe6 25. Qxe6+ Kd8 26.
Qc6 Be3 27. Rf1 Ke7 28. Rf6 Bg5 29. Re6+ Kf7 30. Qd7+ Kf8 31. Re8# 1-0

[Event "Challenge"]
[Site "http://www.queenalice.com/game.php?id=673475"]
[Date "2009.10.27"]
[Round "-"]
[White "patrick"]
[Black "Antonio_silipi"]
[Result "0-1"]
[WhiteElo "1506"]
[BlackElo "965"]

1. e4 e5 2. Qf3 Be7 3. Nh3 d5 4. exd5 Nf6 5. Qg3 O-O 6. Bd3 Qxd5 7. c4 Qd6 8.
Qh4 Qxd3 9. g4 Bxg4 10. Nc3 Bb4 11. Ng1 Rd8 12. h3 Bf3 13. Nxf3 Qxf3 14. Rg1 Bc5
15. Qg5 Bxf2+ 16. Kf1 Bxg1+ 17. Kxg1 Qxh3 18. Ne2 Rd3 19. Qxe5 Rf3 20. Nf4 Rf1#
0-1

[Event "Engenharia ISP"]
[Site "http://www.queenalice.com/game.php?id=675216"]
[Date "2009.10.30"]
[Round "-"]
[White "marcelosgodoy"]
[Black "Antonio_silipi"]
[Result "1-0"]
[WhiteElo "1757"]
[BlackElo "985"]

1. Nf3 h5 2. h4 Rh6 3. d4 Rd6 4. c3 e6 5. e3 Be7 6. g3 f5 7. b4 g5 8. hxg5 Bxg5
9. Rxh5 Bf6 10. Ne5 Qe7 11. f4 Qg7 12. g4 Bxe5 13. fxe5 Rd5 14. gxf5 exf5 15.
Rxf5 Ne7 16. Rf6 d6 17. e4 Rxe5 18. dxe5 dxe5 19. Qh5+ Kd8 20. Qd1+ Bd7 21. Qf3
Nbc6 22. Rf8+ Be8 23. Bh3 Qg1+ 24. Qf1 Qg3+ 25. Kd1 Qg6 26. b5 Na5 27. Qd3+ Qd6
28. Qxd6+ cxd6 29. Bg5 Rb8 30. Na3 b6 31. Ke1 Rb7 32. Rd1 Rb8 33. Rxd6+ Kc7 34.
Bxe7 Nb7 35. Rh6 Ra8 36. Bh4 Rb8 37. Re6 Bd7 38. Rf7 Rc8 39. Rh6 Rd8 40. Bxd8+
Kb8 41. Bh4 Nc5 42. Bxd7 Nxd7 43. Rxd7 Kc8 44. Rhh7 Kb8 45. Rh8# 1-0

[Event "Challenge"]
[Site "http://www.queenalice.com/game.php?id=682747"]
[Date "2009.11.14"]
[Round "-"]
[White "CristianLonghinoti"]
[Black "Antonio_silipi"]
[Result "1-0"]
[WhiteElo "1105"]
[BlackElo "1003"]

1. e4 e5 2. Nf3 Qe7 3. d3 Qe6 4. h3 d5 5. d4 exd4 6. Nxd4 Qxe4+ 7. Be3 f5 8. Nc3
Qe5 9. Be2 f4 10. Bd2 Qxd4 11. Bb5+ c6 12. Ba4 Bc5 13. Qe2+ Kd8 14. O-O b5 15.
Bb3 b4 16. Na4 Na6 17. Rae1 Nf6 18. c3 Qe4 19. a3 bxa3 20. bxa3 Rb8 21. c4 Rxb3
22. Nxc5 Nxc5 23. f3 Qf5 24. Qe7# 1-0

[Event "Challenge"]
[Site "http://www.queenalice.com/game.php?id=685727"]
[Date "2009.11.19"]
[Round "-"]
[White "Antonio_silipi"]
[Black "kiko_rs"]
[Result "0-1"]
[WhiteElo "988"]
[BlackElo "1610"]

1. e4 e5 2. c4 Nf6 3. Bd3 Bc5 4. Kf1 d6 5. a4 Ng4 6. f3 Nf2 7. Qe2 Nxh1 8. g3
Bh3+ 9. Nxh3 Qd7 10. g4 Nc6 11. Qg2 Qe6 12. Qxh1 Qh6 13. Qg2 Nd4 14. b3 Nxb3 15.
Ba3 Nxa1 16. Bxc5 dxc5 17. Nc3 Rd8 18. Nd5 O-O 19. Nxc7 Rxd3 20. Ke1 Nb3 21. Qf1
Qxd2# 0-1

[Event "Challenge"]
[Site "http://www.queenalice.com/game.php?id=685728"]
[Date "2009.11.19"]
[Round "-"]
[White "kiko_rs"]
[Black "Antonio_silipi"]
[Result "1-0"]
[WhiteElo "1620"]
[BlackElo "988"]

1. d4 d5 2. c4 dxc4 3. e4 f5 4. Bxc4 Nf6 5. e5 Ng8 6. d5 e6 7. Nc3 exd5 8. Bxd5
Ne7 9. Bf7+ Kxf7 10. Qxd8 Nd7 11. Bg5 g6 12. Bxe7 Bg7 13. Qxc7 Kxe7 14. Nd5+ Kf7
15. Nf3 Re8 16. Ng5+ Kg8 17. e6 Be5 18. Nf6+ Nxf6 19. Qf7+ Kh8 20. e7 Bd6 21.
Qxf6+ Kg8 22. Qf7+ Kh8 23. Qxh7# 1-0